000 003560000a22001570004500
001 000257
003 MACL
040 _aMACL
090 _c257
_d257
100 _aBalagopal, Tara
245 _aPancha Ratna Kritis Of Saint Thyagaraja
_cTara Balagopal
260 _aHarman Publishing House,
_c1998
350 _a500
650 _aMusic
942 _k781
_cBook
999 _c49564
_d49564